Patterns in biology (Record no. 27060)

MARC details
000 -LEADER
fixed length control field 00314nam a2200133Ia 4500
082 ## - DEWEY DECIMAL CLASSIFICATION NUMBER
Classification number 574
Item number HAR
100 ## - MAIN ENTRY--AUTHOR NAME
Personal name HARRISON, David
245 #0 - TITLE STATEMENT
Title Patterns in biology
260 ## - PUBLICATION, DISTRIBUTION, ETC. (IMPRINT)
Place of publication London
Name of publisher Edward Arnold
Year of publication 1975
650 ## - SUBJECT ADDED ENTRY--TOPICAL TERM
Topical Term Biology
650 ## - SUBJECT ADDED ENTRY--TOPICAL TERM
Topical Term Evolution
942 ## - ADDED ENTRY ELEMENTS (KOHA)
Koha item type Books
Holdings
Withdrawn status Lost status Damaged status Not for loan Home library Current library Date acquired Full call number Accession Number Koha item type
        RRII Library RRII Library 16/12/2021 574 HAR 07691 Books